| 000 | 00958 a2200229 4500 | ||
|---|---|---|---|
| 020 | _a0120502534 | ||
| 040 |
_aDLC _bDLC |
||
| 082 | 0 | 0 | _a515 |
| 100 | 1 | _aAliprantis, Charalambos D. | |
| 245 | 1 | 0 |
_aProblems in real analysis : a workbook with solutions _ba workbook with solutions _cCharalambos D. Aliprantis and Owen Burkinshaw. |
| 250 | _a2nd ed. | ||
| 260 |
_aIndia : _bAcademic Press, _cc1999. |
||
| 300 |
_avii, 403 p. : _bill. ; _c25 cm. |
||
| 500 | _a"Contains complete solutions to the 609 problems in the third edition of, Principles of real analysis, Academic Press, 1998"--Fwd. | ||
| 650 | 0 | _aMathematical analysis. | |
| 650 | 0 | _aFunctions of real variables. | |
| 700 | 1 | _aBurkinshaw, Owen. | |
| 700 | 1 | _aAliprantis, Charalambos D. | |
| 856 | 4 | 1 |
_3Table of contents _uhttp://www.loc.gov/catdir/toc/els033/99176757.html |
| 856 | 4 | 1 |
_3Publisher description _uhttp://www.loc.gov/catdir/description/els033/99176757.html |
| 942 |
_cBK _k515 ALI _2ddc |
||
| 999 |
_c7512 _d7512 |
||